| Tag |
First Indicator |
Second Indicator |
Subfields |
| LEADER |
00000cam a2200000 4500 |
| 001 |
in00000040709 |
| 005 |
20151007064628.0 |
| 008 |
750324m19571961rur d 00000 rusrd |
| 010 |
|
|
|a 57044146
|
| 035 |
|
|
|a (OCoLC)01231747
|
| 035 |
|
|
|9 AAE0265AM
|
| 040 |
|
|
|c AMH
|d TXA
|d UtOrBLW
|
| 049 |
|
|
|a TXAM
|v 1 [1070046]
|v 2 [1070047]
|v 3 [1070048]
|v 4 [1070049]
|
| 050 |
0 |
0 |
|a PG2625
|b .A4
|
| 110 |
2 |
|
|a Institut i︠a︡zykoznanii︠a︡ (Akademii︠a︡ nauk SSSR)
|
| 245 |
1 |
0 |
|a Slovar russkogo iazyka.
|
| 264 |
|
1 |
|a Moskva :
|b Gos. izd-vo inostrannykh i natsionalnykh slovarei,
|c 1957-61.
|
| 300 |
|
|
|a 4 volumes ;
|c 27 cm.
|
| 336 |
|
|
|a text
|b txt
|2 rdacontent
|
| 337 |
|
|
|a unmediated
|b n
|2 rdamedia
|
| 338 |
|
|
|a volume
|b nc
|2 rdacarrier
|
| 500 |
|
|
|a In Cyrillic characters.
|
| 500 |
|
|
|a Volumes 2-4 issued by Institut russkogo iazyka of the Academy.
|
| 650 |
|
0 |
|a Russian language
|v Dictionaries.
|
| 710 |
2 |
|
|a Institut russkogo i︠a︡zyka (Akademii︠a︡ nauk SSSR)
|
| 999 |
|
|
|a MARS
|
| 999 |
f |
f |
|s 2f4e08b7-22ac-3ea4-aefb-e4c9244a0231
|i b1bf402f-52d9-3be7-bfd3-960bdf8a81fd
|t 0
|
| 952 |
f |
f |
|p ric
|a Texas A&M University
|b Rellis Campus
|c Joint Library Facility
|s JLF
|d Remote Storage
|t 0
|e PG2625 .A4
|h Library of Congress classification
|i unmediated -- volume
|k v.1
|m A14803614986
|
| 952 |
f |
f |
|p ric
|a Texas A&M University
|b Rellis Campus
|c Joint Library Facility
|s JLF
|d Remote Storage
|t 0
|e PG2625 .A4
|h Library of Congress classification
|i unmediated -- volume
|k v.4
|m A14803615013
|
| 952 |
f |
f |
|p ric
|a Texas A&M University
|b Rellis Campus
|c Joint Library Facility
|s JLF
|d Remote Storage
|t 0
|e PG2625 .A4
|h Library of Congress classification
|i unmediated -- volume
|k v.3
|m A14803615005
|
| 952 |
f |
f |
|p ric
|a Texas A&M University
|b Rellis Campus
|c Joint Library Facility
|s JLF
|d Remote Storage
|t 0
|e PG2625 .A4
|h Library of Congress classification
|i unmediated -- volume
|k v.2
|m A14803614994
|
| 998 |
f |
f |
|a PG2625 .A4
|s v.1-v.4
|t 0
|l Remote Storage
|